Tratado elemental de derecho constitucional
সংরক্ষণ করুন:
| প্রধান লেখক: | |
|---|---|
| বিন্যাস: | গ্রন্থ |
| ভাষা: | স্প্যানিশ |
| প্রকাশিত: |
Valparaíso, Chile
Imprenta Victoria
1932
|
| বিষয়গুলি: | |
| অনলাইন ব্যবহার করুন: | t.I. |
| ট্যাগগুলো: |
ট্যাগ যুক্ত করুন
কোনো ট্যাগ নেই, প্রথমজন হিসাবে ট্যাগ করুন!
|
MARC
| LEADER | 00000nam a2200000 a 4500 | ||
|---|---|---|---|
| 001 | UCT9741 | ||
| 003 | CL-VaPUC | ||
| 005 | 20250116122701.0 | ||
| 008 | 970411e19320000CL |||||||||||||||||spa|d | ||
| 999 | |c 258120 |d 258118 | ||
| 040 | |c Pontificia Universidad Católica de Valparaíso | ||
| 082 | 0 | 4 | |a 342 RAV 1932 |2 21 |
| 100 | |a Raveau Soules, Rafael |e autor |9 568426 | ||
| 245 | 1 | 0 | |a Tratado elemental de derecho constitucional |
| 260 | |a Valparaíso, Chile |b Imprenta Victoria |c 1932 | ||
| 300 | |a tomos | ||
| 505 | |a t.I. Parte orgánica. De la organización del estado | ||
| 583 | |a last modification |c 20150415 05:29:19 |k Rodrigo Vera | ||
| 650 | 0 | |a Derecho constitucional |z CHILE |9 222588 | |
| 650 | 0 | |a Representación política |9 362081 | |
| 650 | 0 | |a Parlamento |9 338611 | |
| 650 | 7 | |a CAMARA ALTA |2 CL-VaPUC |9 338612 | |
| 650 | 7 | |a CAMARA BAJA |2 CL-VaPUC |9 382701 | |
| 650 | 0 | |a Poder judicial |9 254871 | |
| 852 | |a BIBCUR | ||
| 856 | |u http://opac.pucv.cl/pucv_txt/Txt-9500/UCT9741_01.pdf |z t.I. |z Acceso texto completo | ||
| 942 | |c BK |2 ddc | ||
| 945 | |d 19970411 00:00:00 |a paguirre | ||
| 952 | |0 0 |1 0 |2 ddc |4 0 |6 342_000000000000000_RAV_1932 |7 1 |8 C_LRYV |9 281940 |a BIBDER |b BIBDER |d 2019-11-19 |h v.1 |i 1829440 |o 342 RAV 1932 |p 1829440 |r 2023-01-25 |w 2019-11-19 |y BK_X |k BRV | ||
| 952 | |0 0 |1 0 |4 0 |6 342_000000000000000_RAV_1932 |7 0 |8 X |9 281941 |a BIBDER |b BIBDER |d 2019-11-19 |h v.1 |i 1954679 |o 342 RAV 1932 |p 1954679 |r 2023-01-25 |w 2019-11-19 |y BK_X |k DER | ||